000
00239nam a2200097Ia 4500
001
679976
005
20250826161332.0
008
250824s9999 xx 000 0 und d
245
0
_a
HUCKLEBERRY FINN
_c
MARK TWAİN
260
_b
KARATAY GENÇLİK
999
_c
679976
_d
679976